Savanna management for ecological sustainability, economic profit and social equity /
Saved in:
| Main Author: | |
|---|---|
| Other Authors: | |
| Format: | Book |
| Language: | English |
| Published: |
Paris :
UNESCO,
1992.
|
| Series: | MAB digest ;
13. |
| Subjects: | |
| Tags: |
Add Tag
No Tags, Be the first to tag this record!
|
| LEADER | 01134nam a2200301Ia 4500 | ||
|---|---|---|---|
| 001 | 003896830-4 | ||
| 005 | 20020606095253.2 | ||
| 008 | 930721s1992 fr a b i000 0 eng d | ||
| 035 | 0 | |a ocm28478031 | |
| 040 | |a DJB |c DJB |d BOH | ||
| 043 | |a fc----- |a fw----- | ||
| 050 | 4 | |a HD1131 |b .Y686 1992 | |
| 050 | 4 | |a QH541.5.P7 |b Y68 1992 | |
| 090 | |a QH541.5.P7 |b Y68 1992x | ||
| 100 | 1 | |a Young, M. D. |q (Michael Denis), |d 1952- | |
| 245 | 1 | 0 | |a Savanna management for ecological sustainability, economic profit and social equity / |c Michael D. Young, Otto T. Solbrig. |
| 260 | |a Paris : |b UNESCO, |c 1992. | ||
| 300 | |a 47 p. : |b ill. ; |c 24 cm. | ||
| 490 | 1 | |a MAB digest ; |v 13 | |
| 504 | |a Includes bibliographical references (p. 45-47). | ||
| 650 | 0 | |a Savanna ecology. | |
| 650 | 0 | |a Savannas. | |
| 700 | 1 | |a Solbrig, Otto Thomas. | |
| 730 | 0 | |a Peter S. Thacher Environment Collection |5 env | |
| 776 | 0 | 8 | |i Online version: |a Young, M.D. (Michael Denis), 1952- |t Savanna management for ecological sustainability, economic profit and social equity. |d Paris : UNESCO, 1992 |w (OCoLC)761965057 |
| 830 | 0 | |a MAB digest ; |v 13. | |
| 988 | |a 20020608 | ||
| 906 | |0 OCLC | ||


